000 00416cam a22001331 4500
082 _a974.0841
_bLAW
100 1 _aLawton, Lancelot.
_950640
245 1 4 _aThe Russian Revolution (1917-1926)
_cby Lancelot Lawton.
260 _aLondon,
_bMacmillan and Co., limited,
_c1927.
300 _ax, 524 p.
_bfront., plates, ports.
_c23 cm.
526 _a0
_b0
_c0
_d974_084100000000000_LAW
650 _aMCE
_9379
942 _2ddc
_cBK
999 _c553396
_d553396